| 000 | 00507nam a2200193Ia 4500 | ||
|---|---|---|---|
| 005 | 20250923150009.0 | ||
| 008 | 008 250917s9999 xx 000 0 eng d | ||
| 037 | _aTextual | ||
| 040 |
_aDSWL _beng _cDSWL |
||
| 041 |
_aeng _2eng |
||
| 084 | _qDSWL | ||
| 245 | 0 |
_aSocio cultural tables Part IV A -C Series _c by India Registrar General |
|
| 260 |
_aDelhi _bManager of Pub. _c1998 |
||
| 300 | _a359 p. | ||
| 365 |
_aINR _b47.00 |
||
| 925 | _g47.00 | ||
| 942 | _cTEXL | ||
| 999 |
_c1458317 _d1458317 |
||